The origins of the Russian Revolution, 1861-1917 (Record no. 281)
[ view plain ]
| 000 -LEADER | |
|---|---|
| fixed length control field | 01295nam a2200337 a 4500 |
| 082 04 - DEWEY DECIMAL CLASSIFICATION NUMBER | |
| Classification number | 947.08/3 |
| 100 1# - MAIN ENTRY--AUTHOR NAME | |
| Personal name | Wood, Alan, |
| 245 14 - TITLE STATEMENT | |
| Title | The origins of the Russian Revolution, 1861-1917 |
| 250 ## - EDITION STATEMENT | |
| Edition statement | 2nd ed. |
| 260 ## - PUBLICATION, DISTRIBUTION, ETC. (IMPRINT) | |
| Place of publication | London ; |
| -- | New York : |
| Name of publisher | Routledge, |
| Year of publication | 1993. |
| 300 ## - PHYSICAL DESCRIPTION | |
| Number of Pages | xix, 59 p. : |
| Other physical details | map. |
| 490 1# - SERIES STATEMENT | |
| Series statement | Lancaster pamphlets |
| 856 40 - ELECTRONIC LOCATION AND ACCESS | |
| Uniform Resource Identifier | http://site.ebrary.com/lib/rucke/Doc?id=5003770 |
No items available.
